Rozpoznaj kraj po losowym mieście - Statystyki

Ogólne statystyki
  • Ten quiz został rozwiązany 161 razy
  • Średni wynik to 22 z 49
Statystyki odpowiedzi
MIASTO PAŃSTWO % Poprawnych
Palermo Włochy
83%
Tel Awiw Izrael
82%
Kłajpeda Litwa
80%
Bilbao Hiszpania
79%
Rabat Maroko
77%
Jakuck Rosja
76%
Aleksandria Egipt
74%
Sparta Grecja
74%
Okayama Japonia
74%
Xiamen Chiny
64%
Guadalajara Meksyk
64%
Adelaide Australia
63%
Groningen Holandia
62%
Cincinnati Stany Zjednoczone
62%
Aberdeen Wielka Brytania
60%
Krzywy Róg Ukraina
59%
Brest Francja
57%
Medina / Medyna Arabia Saudyjska
55%
Edmonton Kanada
54%
Uppsala Szwecja
52%
Stavanger Norwegia
48%
Zadar Chorwacja
44%
Limerick Irlandia
44%
Uralsk Kazachstan
44%
Kluż-Napoka Rumunia
44%
Kurytyba Brazylia
43%
Oulu Finlandia
42%
Bobrujsk Białoruś
41%
Suva Fidżi
39%
Bursa Turcja
36%
Haiphong Wietnam
36%
Gandawa Belgia
35%
Christchurch Nowa Zelandia
35%
Meszhed Iran
34%
Cali Kolumbia
33%
Amstetten Austria
29%
Port Elizabeth Republika Południowej Afryki
29%
Wielkie Tyrnowo Bułgaria
26%
Maduraj Indie
23%
Trujillo Peru
21%
San Miguel de Tucuman Argentyna
18%
Kimchaek Korea Pólnocna
16%
Lagos Portugalia
16%
Santa Clara Kuba
13%
Hims Syria
12%
Safakis Tunezja
12%
Barquisimeto Wenezuela
12%
Akureyri Islandia
10%
Manakara Madagaskar
5%
Nie znaleziono quizów pasujących do podanych kryteriów
Rozkład punktacji
Procent ludzi z każdym wynikiem
Percentyl według liczby udzielonych odpowiedzi
Twoja historia wyników
Nie rozwiązałeś tego quizu